| Tag |
First Indicator |
Second Indicator |
Subfields |
| LEADER |
00000cam a2200000 a 4500 |
| 001 |
in00000085994 |
| 005 |
20151008064409.0 |
| 008 |
770914s1969 pe b 00010 spa d |
| 035 |
|
|
|a (OCoLC)03263934
|
| 035 |
|
|
|9 AAK4103AM
|
| 040 |
|
|
|a TJC
|c TJC
|d m.c.
|d TXA
|d UtOrBLW
|
| 043 |
|
|
|a cl-----
|
| 049 |
|
|
|a TXAM
|c [1407070]
|
| 090 |
|
|
|a HD320.5
|b .G34
|
| 100 |
1 |
|
|a García, Antonio,
|d 1912-1982.
|
| 245 |
1 |
0 |
|a Tipologia de las reformas agrarias latinoamericanas /
|c Antonio Garcia.
|
| 264 |
|
1 |
|a Lima :
|b Instituto de Estudios Peruanos,
|c 1969.
|
| 300 |
|
|
|a 31 pages ;
|c 28 cm.
|
| 336 |
|
|
|a text
|b txt
|2 rdacontent
|
| 337 |
|
|
|a unmediated
|b n
|2 rdamedia
|
| 338 |
|
|
|a volume
|b nc
|2 rdacarrier
|
| 490 |
1 |
|
|a Reforma agraria / Instituto de Estudio Peruanos ;
|v 2
|
| 504 |
|
|
|a Includes bibliographical references.
|
| 650 |
|
0 |
|a Land tenure
|z Latin America.
|
| 650 |
|
0 |
|a Land reform
|z Latin America.
|
| 710 |
2 |
|
|a Instituto de Estudios Peruanos.
|
| 830 |
|
0 |
|a Reforma agraria (Instituto de Estudios Peruanos) ;
|v 2.
|
| 999 |
|
|
|a MARS
|
| 999 |
f |
f |
|s e9c46c2c-6d18-3797-bd03-922d93eb3445
|i 3d692440-b410-3809-8e8b-486337a0d947
|t 0
|
| 952 |
f |
f |
|p ric
|a Texas A&M University
|b Rellis Campus
|c Joint Library Facility
|d Remote Storage
|t 0
|e HD320.5 .G34
|h Library of Congress classification
|i unmediated -- volume
|m A14806125384
|
| 998 |
f |
f |
|a HD320.5 .G34
|t 0
|l Remote Storage
|